The Gemini contenders / (Record no. 233409)
[ view plain ]
| 000 -LEADER | |
|---|---|
| fixed length control field | 00668cam a2200217 i 4500 |
| 001 - CONTROL NUMBER | |
| control field | 4144003 |
| 003 - CONTROL NUMBER IDENTIFIER | |
| control field | Nust |
| 005 - DATE AND TIME OF LATEST TRANSACTION | |
| control field | 20170307142139.0 |
| 008 - FIXED-LENGTH DATA ELEMENTS--GENERAL INFORMATION | |
| fixed length control field | 770908s1976 enk 000 1 eng |
| 010 ## - LIBRARY OF CONGRESS CONTROL NUMBER | |
| LC control number | 77361823 |
| 015 ## - NATIONAL BIBLIOGRAPHY NUMBER | |
| National bibliography number | GB76-19362 |
| 020 ## - INTERNATIONAL STANDARD BOOK NUMBER | |
| International Standard Book Number | 9780752858562 |
| Terms of availability | £3.50 |
| 040 ## - CATALOGING SOURCE | |
| Original cataloging agency | DLC |
| Transcribing agency | DLC |
| Modifying agency | DLC |
| 050 00 - LIBRARY OF CONGRESS CALL NUMBER | |
| Classification number | PZ4.L9455 |
| Item number | Ge3 |
| Classification number | PS3562.U26 |
| 082 00 - DEWEY DECIMAL CLASSIFICATION NUMBER | |
| Classification number | 813.54 |
| Author Mark | LUD |
| 100 1# - MAIN ENTRY--PERSONAL NAME | |
| Personal name | Ludlum, Robert, |
| Dates associated with a name | 1927-2001. |
| 245 14 - TITLE STATEMENT | |
| Title | The Gemini contenders / |
| Statement of responsibility, etc. | Robert Ludlum. |
| 260 ## - PUBLICATION, DISTRIBUTION, ETC. | |
| Place of publication, distribution, etc. | London : |
| Name of publisher, distributor, etc. | Hart-Davis, MacGibbon, |
| Date of publication, distribution, etc. | 1976. |
| 300 ## - PHYSICAL DESCRIPTION | |
| Extent | 502 p. ; |
| Dimensions | 23 cm. |
| 906 ## - LOCAL DATA ELEMENT F, LDF (RLIN) | |
| a | 7 |
| b | cbc |
| c | orignew |
| d | 4 |
| e | ncip |
| f | 19 |
| g | y-gencatlg |
| 942 ## - ADDED ENTRY ELEMENTS (KOHA) | |
| Source of classification or shelving scheme | |
| Koha item type | Book |
| Withdrawn status | Lost status | Source of classification or shelving scheme | Damaged status | Not for loan | Permanent Location | Current Location | Shelving location | Date acquired | Total Checkouts | Full call number | Barcode | Date last seen | Copy number | Price effective from | Koha item type |
|---|---|---|---|---|---|---|---|---|---|---|---|---|---|---|---|
| Central Library (CL) | Central Library (CL) | Fiction | 03/07/2017 | 813.54 LUD | CL1667 | 03/07/2017 | 1 | 03/07/2017 | Book |
